La expropiación en el derecho público argentino : (Record no. 73974)

MARC details
000 -LEADER
campo de control de longitud fija 00967nam a2200229 i 4500
001 - NÚMERO DE CONTROL
campo de control 73974
003 - IDENTIFICADOR DE NÚMERO DE CONTROL
campo de control ES-MaACL
005 - FECHA Y HORA DE LA ÚLTIMA TRANSACCIÓN
campo de control 20251009063052.0
007 - CAMPO FIJO DE DESCRIPCIÓN FÍSICA--INFORMACIÓN GENERAL
campo de control de longitud fija t|
008 - DATOS DE LONGITUD FIJA--INFORMACIÓN GENERAL
campo de control de longitud fija 040914s1915 ag ||||1| spa d
100 1# - ENTRADA PRINCIPAL--NOMBRE DE PERSONA
Nombre de persona González, Joaquín V.,
Fechas asociadas al nombre 1863-1923
9 (RLIN) 58329
245 13 - MENCIÓN DEL TÍTULO
Título La expropiación en el derecho público argentino :
Resto del título discurso en el Senado Nacional, el 30 de julio de 1907 /
Mención de responsabilidad, etc. revisado, ampliado ... por el Dr. Joaquín V. González.
260 ## - PUBLICACIÓN, DISTRIBUCIÓN, ETC.
Lugar de publicación, distribución, etc. Buenos Aires :
Nombre del editor, distribuidor, etc. La Facultad,
Fecha de publicación, distribución, etc. 1915.
300 ## - DESCRIPCIÓN FÍSICA
Extensión 2 v. ;
Dimensiones 19 cm.
505 8# - NOTA DE CONTENIDO CON FORMATO
Nota de contenido con formato Contiene: v. 1. Doctrina (206 p.) -- v. 2I. Legislación y jurisprudencia (224 p.)
530 ## - NOTA DISPONIBLE DE FORMULARIO FÍSICO ADICIONAL
Nota de formato físico adicional disponible Disponible en formato digital.
650 #4 - PUNTO DE ACCESO ADICIONAL DE MATERIA--TÉRMINO DE MATERIA
Término de materia o nombre geográfico como elemento de entrada Expropiación forzosa-
Subdivisión geográfica Argentina.
9 (RLIN) 161560
852 ## - LOCALIZACIÓN
Ubicación ES-MaACL
Número de control de estantería D-1924-25
Ubicación en estantería Sala Valle Inclán
Nota libre Revisado enlace: 23 de julio de 2025
856 4# - LOCALIZACIÓN Y ACCESO ELECTRÓNICOS
Identificador Uniforme de Recursos <a href="http://bdh-rd.bne.es/viewer.vm?id=0000008560&page=1 ">http://bdh-rd.bne.es/viewer.vm?id=0000008560&page=1 </a>
Texto de enlace (Biblioteca Digital Hispánica)
942 ## - ELEMENTOS DE ENTRADA SECUNDARIOS (KOHA)
Fuente del sistema de clasificación o colocación Clasificación decimal universal
Holdings
Estatus retirado Estado de pérdida Estado de daño No para préstamo Colección Biblioteca de origen Biblioteca actual Ubicación en estantería Fecha de adquisición Fuente de adquisición Total de préstamos Signatura topográfica completa Código de barras Visto por última vez Precio de reemplazo Tipo de ítem Koha
        Colección digital Biblioteca del Ateneo de Madrid Biblioteca del Ateneo de Madrid Sala Valle Inclán 17/01/2008     D-1924-25 901077431 23/02/2023 23/02/2023 Libro impreso